| 000 | 01782nam a22002657a 4500 | ||
|---|---|---|---|
| 999 |
_c21949 _d21949 |
||
| 003 | AR-CdUCM | ||
| 008 | 190425b ||||| |||| 00| 0 spa d | ||
| 040 |
_aMUNICIPALIDAD PROVINCIAL DEL CUSCO _cBIBLIOTECA MUNICIPAL DEL CUSCO |
||
| 082 | _aEl historiador/N°04/2011 | ||
| 110 |
_aCarrera profesional de Historia _946959 |
||
| 245 |
_aEl Historiador : _bRevista científica cultural / _cTaller de Historia Andina |
||
| 260 |
_aCusco : _bUNSAAC, _bTaller de Historia Andina, _c2011. |
||
| 300 |
_a159 páginas. : _bilustraciones ; _c29 cm. |
||
| 440 |
_aEl Historiador. _nN°4 semestre 2011-I _946962 |
||
| 500 | _aRevista de la carrera profesional de Historia, cátedra practicas pre profesionales. | ||
| 505 | _aContenido: Pintura mural cusqueña una visión general. -- Metalurgia en el antiguo Perú. -- El ejercito Inca. -- Calca proceso de ocupación. -- Actividades económicas en la colonia Cusco centro de producción y comercio. -- Doña Francisca Pizarro hija de dos mundos. -- Situación de la mujer cusqueña en la época colonial en el Perú. -- Participación de los Bethlemitas en la ciudad de Cusco. -- Creación del Obraje de Lucre. -- El pasquín como instrumento de la revolución 1814. -- La Mariscala. -- El Santuario del señor de Qoylloriti. -- La espera de un mesías andino Taki Onqoy. -- El Santurantikuy. -- Terremoto de 1950 en el Cusco. -- Iñapari y la realidad fronteriza. -- la comunidad escondida de Sayhua. -- Bajada de Rey de San Pedro. | ||
| 650 |
_aFolklore cusqueño _98693 |
||
| 650 |
_aIdentidad cultural _92943 |
||
| 650 |
_aTerremoto 1950 _946961 |
||
| 650 |
_aHistoria del Cusco _91714 |
||
| 650 |
_aCiencias Sociales _91096 |
||
| 710 |
_aUniversidad Nacional de San Antonio Abad del Cusco _915942 |
||
| 942 |
_2ddc _cPP |
||
| 945 | _arac | ||